01182cam a22003614i 4500003000900000005001700009008004100026020001500067035002700082040003300109082001700142100003100159245005600190264005100246300003900297336002100336337002500357338002300382505026400405526001000669526001000679526001000689526001000699526000800709526000800717526000800725526000800733526000800741526000800749526000800757630003400765700002100799PE-LiUPU20250731173514.0150616s r 000 0 d a0842383913 a(Sirsi) i9780842383912 aPE-LiUPUbspacPE-LiUPUerda04a226bW612211 aWigram, George V.,eautor.14aThe Word Study Concordance.n2 /cGeorge V. Wigram. 1aCalifornia :bTyndale House Publishers,c1978. a1115 páginas ;c23 centímetros atext2rdacontent aunmediated2rdamedia avolume2rdacarrier0 aGuide to the Numbers in the Headings.- Introduction to the Word Study Concordance.- Word Family Index.- Main Concordance.- Proper Names Concordance.- Englih-Greek Index.- Greek-English Index.- Comparative Concordance of Various Readings.- Alpha-Numeric Index. aSEG42 aSEG41 aSEG40 aSEG39 aP94 aP87 aP86 aP85 aP77 aP76 aP35 aBiblia.pN.T.vConcordancias.1 aWinter, Ralph D.